Miasta w Polsce zawierające literę "Ń" - Statystyki

Ogólne statystyki
  • Ten quiz został rozwiązany 53 razy
  • Średni wynik to 30 z 59
Statystyki odpowiedzi
Województwo Liczba ludności Odpowiedź % Poprawnych
pomorskie 470805 Gdańsk
91%
wielkopolskie 532048 Poznań
89%
kujawsko-pomorskie 198613 Toruń
89%
dolnośląskie 20723 Lubań
78%
mazowieckie 40916 Mińsk Mazowiecki
78%
świętokrzyskie 18878 Końskie
76%
wielkopolskie 32015 Luboń
76%
pomorskie 47272 Starogard Gdański
73%
pomorskie 31578 Pruszcz Gdański
71%
śląskie 19375 Bieruń
69%
podlaskie 9933 Mońki
69%
łódzkie 21892 Wieluń
69%
lubuskie 25265 Żagań
69%
łódzkie 41288 Zduńska Wola
69%
mazowieckie 21924 Płońsk
67%
zachodniopomorskie 8677 Kamień Pomorski
64%
podkarpackie 17675 Łańcut
64%
kujawsko-pomorskie 12412 Golub-Dobrzyń
62%
wielkopolskie 20250 Gostyń
62%
lubelskie 15428 Radzyń Podlaski
62%
śląskie 15989 Ustroń
62%
pomorskie 9862 Nowy Dwór Gdański
60%
świętokrzyskie 10524 Pińczów
60%
warmińsko-mazurskie 15489 Lidzbark Warmiński
56%
kujawsko-pomorskie 9004 Sępólno Krajeńskie
51%
lubuskie 9833 Strzelce Krajeńskie
51%
podlaskie 3694 Brańsk
49%
lubuskie 11155 Krosno Odrzańskie
49%
dolnośląskie 1725 Wleń
49%
mazowieckie 7660 Zwoleń
49%
kujawsko-pomorskie 2072 Dobrzyń nad Wisłą
47%
wielkopolskie 4932 Czempiń
44%
zachodniopomorskie 1892 Ińsko
42%
kujawsko-pomorskie 2335 Kamień Krajeński
42%
lubuskie 3947 Czerwieńsk
40%
łódzkie 2703 Kamieńsk
40%
podkarpackie 3131 Kańczuga
40%
kujawsko-pomorskie 1377 Lubień Kujawski
40%
mazowieckie 1829 Bieżuń
38%
lubuskie 4244 Bytom Odrzański
38%
mazowieckie 1010 Czerwińsk nad Wisłą
38%
wielkopolskie 3158 Gołańcz
38%
wielkopolskie 1080 Miasteczko Krajeńskie
38%
śląskie 3659 Strumień
38%
lubuskie 1641 Otyń
36%
kujawsko-pomorskie 1784 Radzyń Chełmiński
36%
wielkopolskie 5758 Wieleń
36%
wielkopolskie 7213 Zbąszyń
36%
wielkopolskie 4475 Budzyń
33%
opolskie 3665 Dobrodzień
33%
zachodniopomorskie 1612 Moryń
33%
pomorskie 5320 Dzierzgoń
31%
lubuskie 4215 Jasień
31%
małopolskie 5769 Maków Podhalański
31%
dolnośląskie 5767 Pieńsk
31%
zachodniopomorskie 2200 Trzcińsko-Zdrój
31%
wielkopolskie 1721 Krzywiń
29%
zachodniopomorskie 1440 Suchań
29%
lubuskie 5060 Nowogród Bobrzański
27%
Nie znaleziono quizów pasujących do podanych kryteriów
Rozkład punktacji
Procent ludzi z każdym wynikiem
Percentyl według liczby udzielonych odpowiedzi
Twoja historia wyników
Nie rozwiązałeś tego quizu